LEADER 01072nam2-2200361---450- 001 990003179060203316 005 20081127154112.0 010 $a972-27-1233-0 035 $a000317906 035 $aUSA01000317906 035 $a(ALEPH)000317906USA01 035 $a000317906 100 $a20081127h2003----km-y0itay50------ba 101 $apor 102 $aPT 105 $a||||||||001yy 200 1 $a<<3. :>> As monstruosidades vulgares$fJosè Régio 210 $aLisboa$cImpresa Nacional-Casa da Moeda$d2003 215 $a282 p.$d24 cm 225 2 $aBiblioteca de autores portugueses 410 0$12001$aBiblioteca de autores portugueses 462 1$1001000317904$12001$a<> velha casa 606 0 $aLetteratura portoghese$2BNCF 676 $a869.09 700 1$aRÉGIO,$bJosé$0602821 801 0$aIT$bsalbc$gISBD 912 $a990003179060203316 951 $aVI.6.A. 102/3$b783 C L.G.$cVI.6.$d00183381 959 $aBK 969 $aUMA 979 $aPAOLA$b90$c20081127$lUSA01$h1541 996 $aAs monstruosidades vulgares$91014024 997 $aUNISA LEADER 01650nas 2200397 n 450 001 990008935300403321 005 20240229084548.0 011 $a0008-0152 035 $a000893530 035 $aFED01000893530 035 $a(Aleph)000893530FED01 035 $a000893530 091 $2CNR$aP 00051697 100 $a20090724b19661987km-y0itaa50------ba 101 0 $afre 102 $aFR 110 $aauu-------- 200 1 $aCahiers du monde hispanique et luso-brésilien 207 1$a1966-1987 210 $aToulouse$cUniversite de Toulouse-Le Mirail 430 0$12001$aCaravelle 440 0$1001000893663$12001$aCaravelle (1988) 530 0 $aCahiers du monde hispanique et luso-brésilien 675 $a94 675 $a008 780 2 712 02$aUniversité de Toulouse.$bInstitut pluridisciplinaire d'étude sur l'Amérique latine 801 0$aIT$bACNP$c20090723 859 4 $uhttp://acnp.cib.unibo.it/cgi-ser/start/it/cnr/dc-p1.tcl?catno=35172&person=false&language=ITALIANO&libr=&libr_th=unina1$zBiblioteche che possiedono il periodico 901 $aSE 912 $a990008935300403321 958 $aBRAU. Biblioteca di Ricerca di Area Umanistica$b1987.$eSpagna 25$fFLFBC 959 $aFLFBC 996 $aCahiers du monde hispanique et luso-brésilien$9796523 997 $aUNINA AP1 8 $6866-01$aNA072 BRAU. Biblioteca di Ricerca di Area Umanistica$bSpagna 25$ePiazza Bellini 56/60, 80133 Napoli (NA)$m(081) 2533948$nit AP2 40$aacnp.cib.unibo.it$nACNP Italian Union Catalogue of Serials$uhttp://acnp.cib.unibo.it/cgi-ser/start/it/cnr/df-p.tcl?catno=35172&language=ITALIANO&libr=&person=&B=1&libr_th=unina&proposto=NO LEADER 03638oam 2200721 c 450 001 9910959743903321 005 20260302090207.0 010 $a9783838269900 010 $a383826990X 024 3 $a9783838269900 035 $a(CKB)4340000000252632 035 $a(MiAaPQ)EBC5782821 035 $a(Perlego)773131 035 $a(ibidem)9783838269900 035 $a(EXLCZ)994340000000252632 100 $a20260302d2017 uy 0 101 0 $aeng 135 $aurcnu|||||||| 181 $ctxt$2rdacontent 182 $cc$2rdamedia 183 $acr$2rdacarrier 200 00$aReligion and Magic in Socialist and Post-Socialist Contexts II $eBaltic, Eastern European, and Post-USSR Case Studies /$fAlexandra Cotofana, James Nyce, Andreas Umland, Anita Stasulane, James M. Nyce, Alexandra Co?ofan?, Larisa Jasarevic, Zlatina Bogdanova, Sibelan Forrester, Gabriel Girigan, Reet Hiiemäe, Danijela Jerotijevi?, Iveta Leitane, René Provis, Ioana Repciuc, Jessica Pollock 205 $a1st ed. 210 $aHannover$cibidem$d2017 215 $a1 online resource (323 pages) 225 0 $aSoviet and Post-Soviet Politics and Society$v173 311 08$a9783838209906 311 08$a3838209907 320 $aIncludes bibliographical references. 330 $aReligion and magic have often played important roles in Baltic, Eastern European, and post- USSR societies like those in Russia, Romania, Serbia, Latvia, Kyrgyzstan, and Estonia. Taken together, the studies presented in this collection suggest that the idea that religion and magic are connected to each other in some consistent, universal way may be nothing more than a reminiscence from nineteenth century anthropology. Further, these studies challenge another part of anthropology?s historical legacy: the idea that magic is something that modernity and modernization will transcend. Rather, these studies suggest instead that magic is a form of work that brings modernity into being and helps render it intelligible to those who find themselves engaged in its creation. This volume brings together historical (pre- and post-1989), ethnographic, and areal studies which look at the divergent roles of state, culture, society, tradition, and the individual in enactments of magic and religion. Assessing the role magic and religion have played in the countries of Eastern Europe and beyond before and after the Cold War, it is an absorbing read for scholars of anthropology and history as well as ethnology. 410 0$aSoviet and post-Soviet politics and society ;$v173. 606 $aReligion 606 $amagic 606 $aSocialism 606 $aPostsocialism 615 4$aReligion 615 4$amagic 615 4$aSocialism 615 4$aPostsocialism 676 $a200.91717 702 $aCotofana$b Alexandra$4edt 702 $aNyce$b James$4edt 702 $aUmland$b Andreas$cDr.$4edt 702 $aStasulane$b Anita$4aui 702 $aNyce$b James M$4ctb 702 $aCo?ofan?$b Alexandra$4ctb 702 $aJasarevic$b Larisa$4ctb 702 $aBogdanova$b Zlatina$4ctb 702 $aForrester$b Sibelan$4ctb 702 $aGirigan$b Gabriel$4ctb 702 $aHiiemäe$b Reet$4ctb 702 $aJerotijevi?$b Danijela$4ctb 702 $aLeitane$b Iveta$4ctb 702 $aProvis$b René$4ctb 702 $aRepciuc$b Ioana$4ctb 702 $aPollock$b Jessica$4ctb 801 0$bMiAaPQ 801 1$bMiAaPQ 801 2$bMiAaPQ 906 $aBOOK 912 $a9910959743903321 996 $aReligion and Magic in Socialist and Post-Socialist Contexts II$94414050 997 $aUNINA